The extermination of a British Army: (Record no. 15366)

MARC details
000 -LEADER
fixed length control field 00977nam a22002417a 4500
005 - DATE AND TIME OF LATEST TRANSACTION
control field 2008090307237.0
008 - FIXED-LENGTH DATA ELEMENTS--GENERAL INFORMATION
fixed length control field 080903t xxu||||| |||| 00| 0 eng d
010 ## - LCCN (DPL NO)
LC control number ENG-90958
020 ## - INTERNATIONAL STANDARD BOOK NUMBER
International Standard Book Number 9788131304112
Terms of availability 995.00
035 ## - SYSTEM CONTROL NUMBER
System control number EN-74491
037 ## - SOURCE OF ACQUISITION
Source of stock number/acquisition DBAD / PUB
040 ## - CATALOGING SOURCE
Original cataloging agency DPL
Language of cataloging English
082 ## - DEWEY DECIMAL CLASSIFICATION NUMBER
Classification number 958.103
245 ## - TITLE STATEMENT
Title The extermination of a British Army:
Statement of responsibility, etc compiled by Terence R. Blackburn
Remainder of title the retreat from cabul /
260 ## - PUBLICATION, DISTRIBUTION, ETC. (IMPRINT)
Place of publication, distribution, etc New Delhi
Name of publisher, distributor, etc APH Publishing House
Date of publication, distribution, etc 2008
270 ## - ADDRESS
Address 4435-36/7, Ansari Raod, Darya Ganj,
City New Delhi
Postal code 110002
Telephone number 23274050
300 ## - PHYSICAL DESCRIPTION
Extent liii, 206p.:
Dimensions 23 cm (Hb)
Other physical details plates
500 ## - GENERAL NOTE
General note Includes glossary and bibliographical references
651 ## - SUBJECT ADDED ENTRY--GEOGRAPHIC NAME
Geographic name Afghan wars
700 ## - ADDED ENTRY--PERSONAL NAME
Personal name Blackburn, Terence R.
942 ## - ADDED ENTRY ELEMENTS (KOHA)
Source of classification or shelving scheme Dewey Decimal Classification
Item type English Books
Call number suffix EXT
Classification part 958.103
Holdings
Withdrawn status Lost status Source of classification or shelving scheme Damaged status Not for loan Collection code Home library Current library Date acquired Source of acquisition Cost, normal purchase price Total Checkouts Full call number Barcode Date last seen Copy number Cost, replacement price Koha item type
    Dewey Decimal Classification   Not For Loan Non-fiction D.B.Act.Division D.B.Act.Division 08/09/2008 DBAD / PUB 995.00   958.103 EXT EN-74491 15/09/2008 1 995.00 English Books

© Delhi Public Library
Hit Counter
free hit counter